000 00888cam#a22002535a#4500
001 9610
003 ELIS9610
005 20150907084800.0
008 t2000#######a####r#####000#0#ara#d
040 _aمكتبة المعهد الهولندي الفلمنكي
_cمكتبة المعهد الهولندي الفلمنكي
100 _aمصطفى النحاس
245 1 _aمذكرات مصطفى النحاس: ربع قرن من السياسة في مصر (1927-1952). 1: 1927-1940. 2: 1941-1952
260 _aالقاهرة
_bالعصور الجديدة
_c2000
440 _aكتابك
500 _aالمكتبة
650 _aالسيرة الذاتية
650 _aالقرن العشرون
650 _aمصر
650 _aالتاريخ
650 _aالأعلام
650 _aالسياسة
700 _aأحمد عز الدين (محقق)
902 _aE 1364 I-II
999 _c12366
_d12366